Interne Unternehmensrechnung
Salvato in:
| Autore principale: | |
|---|---|
| Altri autori: | |
| Natura: | Libro |
| Lingua: | tedesco |
| Pubblicazione: |
Berlin
Springer
1997
|
| Edizione: | 3. überarb. und erw. Aufl. |
| Serie: | Springer-Lehrbuch
|
| Soggetti: | |
| Tags: |
Nessun Tag, puoi essere il primo ad aggiungerne!!
|
MARC
| LEADER | 00000nam a2200000 4500 | ||
|---|---|---|---|
| 001 | c103136 | ||
| 005 | 20221124074717.9 | ||
| 020 | |a 3-540-62999-8 | ||
| 041 | 0 | |a ger | |
| 044 | |a DE | ||
| 245 | 1 | 0 | |a Interne Unternehmensrechnung |c Ralf Ewert, Alfred Wagenhofer |
| 250 | |a 3. überarb. und erw. Aufl. | ||
| 264 | 1 | |a Berlin |b Springer |c 1997 | |
| 300 | |a 725 s. | ||
| 490 | 1 | |a Springer-Lehrbuch | |
| 830 | 0 | |a Springer-Lehrbuch | |
| 610 | 2 | 0 | |a podnik |
| 610 | 2 | 0 | |a evidencia účtovná |
| 610 | 2 | 0 | |a účtovníctvo vnútropodnikové |
| 610 | 2 | 0 | |a ceny |
| 610 | 2 | 0 | |a rozhodovanie strategické |
| 610 | 2 | 0 | |a kontrola |
| 610 | 2 | 0 | |a koordinácia |
| 610 | 2 | 0 | |a rozpočet investičný |
| 610 | 2 | 0 | |a náklady |
| 610 | 2 | 0 | |a produkcia |
| 610 | 2 | 0 | |a modely |
| 100 | 1 | |a Ewert, Ralf | |
| 700 | 1 | |a Wagenhofer, Alfred | |